000 00395cam a2200157ua 4500
041 _aeng
_h
082 _a823.301
_bRIC/TA
100 _aRichards, P F .
245 _aTangle wood tales /
_cP F Richards.
_hTextual Documents
250 _a2 /
_b.
260 _aMumbai :
_bK & J Cooper educational publishers ,
_c1955.
300 _a234 ; .
504 _a
942 _cBK
999 _c6921
_d6921